Теплопроводность твердых тел / (Record no. 385228)
[ view plain ]
| 000 -LEADER | |
|---|---|
| fixed length control field | 00885nam a2200229 a 4500 |
| 001 - CONTROL NUMBER | |
| control field | 000190506 |
| 003 - CONTROL NUMBER IDENTIFIER | |
| control field | AM-YeHGA |
| 005 - DATE AND TIME OF LATEST TRANSACTION | |
| control field | 20250617153140.0 |
| 008 - FIXED-LENGTH DATA ELEMENTS--GENERAL INFORMATION | |
| fixed length control field | 030329s1979 ||||| |||||||||||||rus|c |
| 040 ## - CATALOGING SOURCE | |
| Original cataloging agency | AM-YeHGA |
| 090 ## - LOCALLY ASSIGNED LC-TYPE CALL NUMBER (OCLC); LOCAL CALL NUMBER (RLIN) | |
| -- | 387199 |
| 100 1# - MAIN ENTRY--PERSONAL NAME | |
| Personal name | Берман, Р. |
| 245 10 - TITLE STATEMENT | |
| Title | Теплопроводность твердых тел / |
| Statement of responsibility, etc. | Р. Берман ; Пер. с англ. Л.Г. Асламазова ; Под ред. В.З. Кресин. |
| 260 ## - PUBLICATION, DISTRIBUTION, ETC. | |
| Place of publication, distribution, etc. | Москва : |
| Name of publisher, distributor, etc. | Мир, |
| Date of publication, distribution, etc. | 1979. |
| 300 ## - PHYSICAL DESCRIPTION | |
| Extent | 286 с. |
| 504 ## - BIBLIOGRAPHY, ETC. NOTE | |
| Bibliography, etc. note | Библиогр. 275 назв. |
| 534 ## - ORIGINAL VERSION NOTE | |
| -- | Оригинал на англ. : |
| -- | Conduction of Heat in Solids / |
| Main entry of original | R. Berman - |
| Publication, distribution, etc. of original | Oxford : Clarendon Press : 1976 |
| 650 14 - SUBJECT ADDED ENTRY--TOPICAL TERM | |
| Topical term or geographic name entry element | Теплопроводность |
| 653 2# - INDEX TERM--UNCONTROLLED | |
| Uncontrolled term | монография |
| 700 1# - ADDED ENTRY--PERSONAL NAME | |
| Personal name | Асламазов, Л.Г. |
| Relator term | пер. |
| Relationship | trl |
| 700 1# - ADDED ENTRY--PERSONAL NAME | |
| Personal name | Кресин, В.З. |
| Relator term | ред. |
| Relationship | edt |
| Withdrawn status | Lost status | Source of classification or shelving scheme | Damaged status | Not for loan | Collection | Home library | Current library | Date acquired | Total checkouts | Full call number | Barcode | Date last seen | Price effective from | Koha item type | Public note |
|---|---|---|---|---|---|---|---|---|---|---|---|---|---|---|---|
| Universal Decimal Classification | General | Fundamental Scientific Library | Fundamental Scientific Library | 30/06/2017 | PII/434113 | FL0450806 | 30/06/2017 | 30/06/2017 | Գրքեր / Books | 30 Days Loan |
ՀՀ Գիտությունների ազգային ակադեմիայի հիմնարար գիտական գրադարան = Fundamental Scientific Library of NAS RA
All site content, except where otherwise noted, is licensed under a